Gaming Quiz

Random Gaming Quiz

Kingdom of Loathing Class Skills Quiz Stats

 Plays Quiz not verified by Sporcle

Score 0/192 Timer 10:00
0 Plays Today
Class Skill % Correct
Turtle TamerHero of the Half-Shell
100%
Disco BanditDisco Dance of Doom
100%
Disco BanditAdvanced Cocktailcrafting
84.4%
Seal ClubberLunging Thrust-Smack
78.1%
Disco BanditSuperhuman Cocktailcrafting
78.1%
Seal ClubberThrust-Smack
75%
Seal ClubberPulverize
75%
PastamancerPastamastery
75%
Turtle TamerAmphibian Sympathy
71.9%
Disco BanditDisco Eye-Poke
71.9%
Seal ClubberTongue of the Walrus
68.8%
Seal ClubberMusk of the Moose
68.8%
Turtle TamerEmpathy of the Newt
68.8%
PastamancerLeash of Linguini
68.8%
SaucerorAdvanced Saucecrafting
68.8%
SaucerorSaucegeyser
68.8%
Turtle TamerToss
66.7%
Turtle TamerSpirit Vacation
66.7%
PastamancerLasagna Bandages
66.7%
Disco BanditDisco Dance 3: Back in the Habit
66.7%
Accordion ThiefSing
66.7%
Accordion ThiefAccordion Bash
66.7%
Seal ClubberNorthern Exposure
65.6%
Turtle TamerTao of the Terrapin
65.6%
PastamancerWeapon of the Pastalord
65.6%
Disco BanditDisco Dance II: Electric Boogaloo
65.6%
Accordion ThiefThe Sonata of Sneakiness
65.6%
Seal ClubberBlubber Up
62.5%
SaucerorWave of Sauce
62.5%
Accordion ThiefThe Ode to Booze
62.5%
Turtle TamerKneebutt
59.4%
SaucerorJalapeno Saucesphere
59.4%
Accordion ThiefThe Moxious Madrigal
59.4%
Accordion ThiefThe Polka of Plenty
59.4%
Seal ClubberAudacity of the Otter
56.3%
Seal ClubberDouble-Fisted Skull Smashing
56.3%
Turtle TamerAstral Shell
56.3%
Disco BanditDisco Face Stab
56.3%
Turtle TamerHeadbutt
53.1%
Turtle TamerShieldbutt
53.1%
PastamancerEntangling Noodles
53.1%
PastamancerLasagna Bandages
53.1%
Disco BanditSmooth Movement
53.1%
Seal ClubberThirst of the Weasel
50%
Seal ClubberClaws of the Walrus
50%
Turtle TamerGhostly Shell
50%
PastamancerRavioli Shurikens
50%
Accordion ThiefMariachi Memory
50%
Seal ClubberFortitude of the Muskox
46.9%
Seal ClubberRage of the Reindeer
46.9%
Turtle TamerPatient Smile
46.9%
PastamancerCannelloni Cannon
46.9%
PastamancerCannelloni Cocoon
46.9%
SaucerorSaucestorm
46.9%
SaucerorMaster Saucier
46.9%
SaucerorThe Way of Sauce
46.9%
Disco BanditMad Looting Skillz
46.9%
Accordion ThiefThe Power Ballad of the Arrowsmith
46.9%
Accordion ThiefFat Leon's Phat Loot Lyric
46.9%
Accordion ThiefStevedave's Shanty of Superiority
46.9%
Seal ClubberFurious Wallop
43.8%
Turtle TamerWisdom of the Elder Tortoises
43.8%
PastamancerFlavour of Magic
43.8%
SaucerorStream of Sauce
43.8%
Class Skill % Correct
SaucerorElemental Saucesphere
43.8%
Disco BanditNimble Fingers
43.8%
Disco BanditDisco Bravado
43.8%
Accordion ThiefCarlweather's Cantata of Confrontation
43.8%
Seal ClubberBuoyancy of the Beluga
40.6%
Turtle TamerArmorcraftiness
40.6%
PastamancerTranscendental Noodlecraft
40.6%
Disco BanditAmbidextrous Funkslinging
40.6%
Disco BanditHeart of Polyester
40.6%
PastamancerSpringy Fusilli
37.5%
PastamancerStuffed Mortar Shell
37.5%
PastamancerTolerance of the Kitchen
37.5%
Disco BanditOverdeveloped Sense of Self Preservation
37.5%
Disco BanditDisco Nap
37.5%
Disco BanditDisco Greed
37.5%
Accordion ThiefCletus's Canticle of Celerity
37.5%
PastamancerSpirit of Ravioli
34.4%
SaucerorSaucy Salve
34.4%
SaucerorIrrepressible Spunk
34.4%
Seal ClubberClobber
33.3%
Seal ClubberHide of the Walrus
33.3%
Seal ClubberIre of the Orca
33.3%
Seal ClubberNorthern Explosion
33.3%
Seal ClubberPride of the Puffin
33.3%
Turtle TamerShell Up
33.3%
Turtle TamerBlessing of She-Who-Was
33.3%
Turtle TamerSpirit Boon
33.3%
PastamancerManicotti Meditation
33.3%
PastamancerUtensil Twist
33.3%
PastamancerBind Vermincelli
33.3%
PastamancerBind Angel Hair Wisp
33.3%
PastamancerShield of the Pastalord
33.3%
SaucerorSalsaball
33.3%
SaucerorItchy Curse Finger
33.3%
SaucerorSaucemaven
33.3%
Disco BanditDisco Shank
33.3%
Accordion ThiefAccordion Appreciation
33.3%
Accordion ThiefFive Finger Discount
33.3%
Accordion ThiefUr-Kel's Aria of Annoyance
33.3%
Turtle TamerSkin of the Leatherback
31.3%
PastamancerSpirit of Rigatoni
31.3%
SaucerorExpert Panhandling
31.3%
SaucerorImpetuous Sauciness
31.3%
Accordion ThiefThe Psalm of Pointiness
31.3%
SaucerorIntrinsic Spiciness
28.1%
SaucerorDiminished Gag Reflex
28.1%
Accordion ThiefBrawnee's Anthem of Absorption
28.1%
Accordion ThiefThe Magical Mojomuscular Melody
25%
Turtle TamerReptilian Fortitude
21.9%
Turtle TamerCold-Blooded Fearlessness
21.9%
Accordion ThiefAloysius' Antiphon of Aptitude
21.9%
Turtle TamerTenacity of the Snapper
18.8%
Accordion ThiefJackasses' Symphony of Destruction
18.8%
Disco BanditAdventurer of Leisure
15.6%
Seal ClubberSeal Clubbing Frenzy
0%
Seal ClubberLunge Smack
0%
Seal ClubberHibernate
0%
Seal ClubberCold Shoulder
0%
Seal ClubberWrath of the Wolverine
0%
Seal ClubberSuper-Advanced Meatsmithing
0%
Seal ClubberScowl of the Auk
0%
Seal ClubberClub Foot
0%
Seal ClubberSeething of the Snow Leopard
0%
Seal ClubberBatter Up!
0%
Class Skill % Correct
Seal ClubberCavalcade of Fury
0%
Seal ClubberPrecision of the Penguin
0%
Turtle TamerPatience of the Tortoise
0%
Turtle TamerBlessing of the War Snapper
0%
Turtle TamerStiff Upper Lip
0%
Turtle TamerPizza Lover
0%
Turtle TamerSpirit Snap
0%
Turtle TamerTestudinal Teachings
0%
Turtle TamerSpiky Shell
0%
Turtle TamerButts of Steel
0%
Turtle TamerBlessing of the Storm Tortoise
0%
Turtle TamerThe Long View
0%
Turtle TamerTurtle Power
0%
PastamancerSpaghetti Spear
0%
PastamancerTranscendent Al Dente
0%
PastamancerArched Eyebrow of the Archmage
0%
PastamancerBringing Up the Rear
0%
PastamancerBind Undead Elbow Macaroni
0%
PastamancerThrall Unit Tactics
0%
PastamancerBind Penne Dreadful
0%
PastamancerSubtle and Quick to Anger
0%
PastamancerBind Lasagmbie
0%
PastamancerWizard Squint
0%
PastamancerBind Spice Ghost
0%
SaucerorSimmer
0%
SaucerorSauce Contemplation
0%
SaucerorCurse of Vichyssoise
0%
SaucerorIcy Glare
0%
SaucerorInner Sauce
0%
SaucerorCurse of Marinara
0%
SaucerorSoul Saucery
0%
SaucerorCurse of the Thousand Islands
0%
SaucerorSaucecicle
0%
SaucerorAntibiotic Saucesphere
0%
SaucerorCurse of Weaksauce
0%
SaucerorWry Smile
0%
SaucerorSauce Monocle
0%
SaucerorBlood Sugar Sauce Magic
0%
Disco BanditSuckerpunch
0%
Disco BanditDisco Aerobics
0%
Disco BanditDeft Hands
0%
Disco BanditDisco State of Mind
0%
Disco BanditFrantic Gyrations
0%
Disco BanditThat's Not a Knife
0%
Disco BanditTricky Knifework
0%
Disco BanditFlashy Dancer
0%
Disco BanditDisco Smirk
0%
Disco BanditKnife in the Dark
0%
Disco BanditDisco Inferno
0%
Disco BanditDisco Fever
0%
Disco BanditSensitive Fingers
0%
Disco BanditDisco Leer
0%
Accordion ThiefMoxie of the Mariachi
0%
Accordion ThiefDissonant Riff
0%
Accordion ThiefCadenza
0%
Accordion ThiefCrab Claw Technique
0%
Accordion ThiefConcerto de los Muertos
0%
Accordion ThiefSuspicious Gaze
0%
Accordion ThiefBawdy Refrain
0%
Accordion ThiefThief Among the Honorable
0%
Accordion ThiefSticky Fingers
0%
Accordion ThiefCone of Zydeco
0%
Accordion ThiefMaster Accordion Master Thief
0%
Accordion ThiefKnowing Smile
0%

You're not logged in!

Compare scores with friends on all Sporcle quizzes.
OR
Log In

Show Comments

Extras

Created Jul 3, 2013SourceReportNominate
Tags:class, kingdom, skill

Top Quizzes Today


Score Distribution

Your Account Isn't Verified!

In order to create a playlist on Sporcle, you need to verify the email address you used during registration. Go to your Sporcle Settings to finish the process.

Report this User

Report this user for behavior that violates our Community Guidelines.

Details: